000 00550nam a2200229Ia 4500
003 OSt
005 20221005114333.0
006 a|||||r|||| 00| 0
007 ta
008 221004b |||||||| |||| 00| 0 kan d
024 _a59193
037 _cTextual
040 _aCRL
_cCRL
_bkan
041 _2kan
_akan
082 _aL, 33L6
100 _aSiddhanthi N.B.
_9625809
245 0 _aArogya jeevanada dari
260 _c1976
650 _aMEDICINE
942 _hL, 33L6
_cTEXL
_2cc
999 _c1031005
_d1031005